Fifa Wold Cup Winners - Statistics

General Stats
  • This quiz has been taken 27 times
  • The average score is 13 of 22
Answer Stats
Hint Answer % Correct
1930 Uruguay
96%
2022 Argentina
79%
2010 Spain
75%
2018 France
71%
2014 Germany
71%
1934 Italy
67%
1938 Italy
63%
2006 Italy
63%
1950 Uruguay
63%
1958 Brazil
54%
1962 Brazil
54%
1970 Brazil
54%
1994 Brazil
54%
2002 Brazil
54%
1966 England
54%
1978 Argentina
50%
1986 Argentina
50%
1998 France
50%
1982 Italy
50%
1954 West Germany
42%
1974 West Germany
38%
1990 West Germany
33%
No matching quizzes found
Score Distribution
Percent of People with Each Score
Percentile by Number Answered
Your Score History
You have not taken this quiz